Statistics for Taylor Swift Songs Starting with C

Click here to take the quiz!

General Stats

  • This quiz has been taken 530 times
  • The average score is 9 of 16

Answer Stats

Song% Correct
Call It What You Want
77%
cardigan
75%
Cornelia Street
71%
Cruel Summer
69%
Clean
67%
coney island (feat. The National)
64%
Change (Taylor's Version)
63%
Cold As You
63%
Come Back...Be Here (Taylor's Version)
60%
champagne problems
57%
closure
57%
cowboy like me
53%
Come In With The Rain (Taylor's Version)
50%
Crazier
37%
Carolina - (From The Motion Picture “Where The Crawdads Sing”)
35%
Christmas Tree Farm
32%

Score Distribution

Percentile by Number Answered

Percent of People with Each Score

Your Score History

You have not taken this quiz